Normal view MARC view
  • A farm in Normandy

Entry Topical Term

Number of records used in: 1

001 - CONTROL NUMBER

  • control field: 112114

003 - CONTROL NUMBER IDENTIFIER

  • control field: NUST

005 - DATE AND TIME OF LATEST TRANSACTION

  • control field: 20230504130445.0

008 - FIXED-LENGTH DATA ELEMENTS

  • fixed length control field: 230504|| aca||aabn | a|a d

040 ## - CATALOGING SOURCE

  • Original cataloging agency: NUST
  • Transcribing agency: NUST

150 ## - HEADING--TOPICAL TERM

  • Topical term or geographic name entry element: A farm in Normandy

670 ## - SOURCE DATA FOUND

  • Source citation: Work cat.: (NUST)184052: Henrey, Robert 112113, A farm in Normandy /, 1941
© 2023 Central Library, National University of Sciences and Technology. All Rights Reserved.